[Event "Mittelfranken Landesliga Nord 2223"]
[Site "Mittelfranken"]
[Date "2022.10.23"]
[Round "2.7"]
[White "Gloth, Gerrit"]
[Black "Glitz, Martin"]
[Result "1-0"]
[WhiteElo "1992"]
[BlackElo "2005"]
[PlyCount "147"]
[EventDate "2022.10.09"]
[EventType "team-tourn"]
[EventRounds "9"]
[EventCountry "GER"]
[SourceTitle "EXT 2024"]
[Source "ChessBase"]
[SourceDate "2023.10.10"]
[SourceVersion "1"]
[SourceVersionDate "2023.10.10"]
[SourceQuality "1"]
[WhiteTeam "Erlangen II"]
[BlackTeam "Herzogenaurach"]
[WhiteTeamCountry "GER"]
[BlackTeamCountry "GER"]

1. e4 c6 2. d4 d5 3. e5 Bf5 4. h4 h5 5. Bd3 Bxd3 6. Qxd3 e6 7. Nf3 Be7 8. Bg5 Nh6 9. Nbd2 Nf5 10. g3 Nd7 11. 0-0 Qb6 12. Bxe7 Nxe7 13. b4 g6 14. c4 0-0 15. c5 Qc7 16. a4 a6 17. Ng5 Kg7 18. Ndf3 Nf5 19. Nh3 Rae8 20. Nf4 f6 21. Rae1 fxe5 22. Nxe5 Nxe5 23. Rxe5 Rf6 24. Rfe1 Qf7 25. Nh3 Qg8 26. Ng5 Re7 27. Kg2 Qe8 28. f3 Kg8 29. Kh3 Nh6 30. Qd2 Nf7 31. Nxf7 Qxf7 32. f4 Qe8 33. Qe2 Kf7 34. Rb1 Qd7 35. Kh2 Kg7 36. Re3 Rf8 37. b5 axb5 38. axb5 Ra8 39. Reb3 Kf7 40. Qb2 Ra4 41. Rb4 Ra7 42. Ra1 Rxa1 43. Qxa1 Qc8 44. Qa4 Rc7 45. Qa2 Qe8 46. Qb3 Qd7 47. Ra4 Qc8 48. Ra7 Qd7 49. Qb4 Qc8 50. Qa5 Re7 51. Ra8 Qc7 52. b6 Qd7 53. Rh8 e5 54. fxe5 Qg4 55. Qd2 Ke6 56. Rf8 Kd7 57. Qf2 Qe4 58. Rf4 Qb1 59. Rf7 Qe4 60. Rxe7+ Kxe7 61. Qf6+ Kd7 62. Qf7+ Kd8 63. Qc7+ Ke8 64. Qc8+ Ke7 65. Qxb7+ Kf8 66. Qc8+ Kg7 67. Qd7+ Kh6 68. Qh3 Qxd4 69. e6 Qxc5 70. b7 Qf8 71. e7 Qe8 72. Qe6 d4 73. Qe5 Qf7 74. Qf4+ 1-0

[Event "Mittelfrank Regionalliga Nord-Ost 2223"]
[Site "Mittelfranken"]
[Date "2022.10.09"]
[Round "1.3"]
[White "Glitz, Martin"]
[Black "Doeres, Hans Juergen"]
[Result "1/2-1/2"]
[WhiteElo "2005"]
[BlackElo "2122"]
[PlyCount "89"]
[EventDate "2022.10.09"]
[EventType "team-tourn"]
[EventRounds "9"]
[EventCountry "GER"]
[SourceTitle "EXT 2024"]
[Source "ChessBase"]
[SourceDate "2023.10.10"]
[SourceVersion "1"]
[SourceVersionDate "2023.10.10"]
[SourceQuality "1"]
[WhiteTeam "Herzogenaurach II"]
[BlackTeam "Forchheim SC"]
[WhiteTeamCountry "GER"]
[BlackTeamCountry "GER"]

1. e4 c5 2. Nf3 e6 3. d4 cxd4 4. Nxd4 a6 5. Bd3 g6 6. 0-0 Bg7 7. Ne2 Nc6 8. Kh1 Nge7 9. f4 d5 10. e5 b5 11. c3 Bb7 12. Be3 0-0 13. Nd2 Na5 14. b3 Nac6 15. Nf3 Rc8 16. Qd2 Qd7 17. a4 Nf5 18. axb5 axb5 19. Bxb5 Nxe3 20. Qxe3 Qc7 21. Rfc1 Rfd8 22. Nfd4 Bf8 23. Qd2 Bc5 24. b4 Bb6 25. Bxc6 Bxc6 26. Ra3 Ra8 27. Rca1 Qb7 28. h3 Rxa3 29. Rxa3 Bd7 30. Kh2 h5 31. Ra1 Ra8 32. Rxa8+ Qxa8 33. g4 hxg4 34. hxg4 Qa1 35. Kg2 Qb1 36. Ng3 Kf8 37. Kh2 Ke8 38. Kg2 Bc8 39. Kh2 Ba6 40. Kh3 Bd3 41. Kg2 Kd7 42. Kf2 Bc4 43. Kg2 Bd3 44. Kf2 Bc4 45. Kg2 1/2-1/2

[Event "Mittelfrank Regionalliga Nord-Ost 2122"]
[Site "Mittelfranken"]
[Date "2022.06.26"]
[Round "3.1"]
[White "Merkel, Luis"]
[Black "Glitz, Martin"]
[Result "1/2-1/2"]
[WhiteElo "2064"]
[BlackElo "2027"]
[PlyCount "106"]
[EventDate "2021.10.24"]
[EventType "team-tourn"]
[EventRounds "9"]
[EventCountry "GER"]
[SourceTitle "EXT 2024"]
[Source "ChessBase"]
[SourceDate "2023.10.10"]
[SourceVersion "1"]
[SourceVersionDate "2023.10.10"]
[SourceQuality "1"]
[WhiteTeam "Buechenbach/Roth"]
[BlackTeam "Herzogenaurach II"]
[WhiteTeamCountry "GER"]
[BlackTeamCountry "GER"]

1. d4 d5 2. Bf4 c5 3. e3 Nc6 4. Nf3 cxd4 5. exd4 Nf6 6. c3 Bf5 7. Qb3 Na5 8. Qa4+ Bd7 9. Qc2 Nc6 10. Nbd2 g6 11. Be2 Rc8 12. h4 Bg7 13. Qd1 Bg4 14. Ne5 Bxe2 15. Qxe2 h5 16. a4 e6 17. Nd3 Nd7 18. Nf3 a5 19. Nd2 Qe7 20. Qe3 Bf6 21. Qg3 Qf8 22. 0-0 Qg7 23. Nf3 0-0 24. Nfe5 Ncxe5 25. dxe5 Be7 26. Qe3 Rfd8 27. Bh6 Qh8 28. Bg5 Bxg5 29. Qxg5 Kh7 30. Rfe1 Rc4 31. Nc1 Rg4 32. Qe7 Qf8 33. Qxf8 Rxf8 34. Nb3 b6 35. Nd4 Re4 36. Rxe4 dxe4 37. Re1 Nxe5 38. Rxe4 Nd3 39. Re2 Rc8 40. Rd2 Nf4 41. Nb5 Nd5 42. Nd6 Rc7 43. Rd4 Kg8 44. Kf1 Kf8 45. Rc4 Rxc4 46. Nxc4 f6 47. Ne3 Ne7 48. b4 Nc6 49. bxa5 Nxa5 50. Ke2 Ke7 51. Kd3 Kd6 52. f3 Kc5 53. g4 Nc6 1/2-1/2

[Event "Mittelfrank Regionalliga Nord-Ost 2122"]
[Site "Mittelfranken"]
[Date "2021.10.24"]
[Round "1.2"]
[White "Glitz, Martin"]
[Black "Heidrich, Manfred"]
[Result "0-1"]
[WhiteElo "2027"]
[BlackElo "2212"]
[PlyCount "120"]
[EventDate "2021.10.24"]
[EventType "team-tourn"]
[EventRounds "9"]
[EventCountry "GER"]
[SourceTitle "EXT 2024"]
[Source "ChessBase"]
[SourceDate "2023.10.10"]
[SourceVersion "1"]
[SourceVersionDate "2023.10.10"]
[SourceQuality "1"]
[WhiteTeam "Herzogenaurach II"]
[BlackTeam "Forchheim SC"]
[WhiteTeamCountry "GER"]
[BlackTeamCountry "GER"]

1. e4 c5 2. Nf3 Nf6 3. Nc3 Nc6 4. d4 d5 5. exd5 Nxd5 6. Nxd5 Qxd5 7. c3 cxd4 8. cxd4 e5 9. dxe5 Qxd1+ 10. Kxd1 Bg4 11. Bf4 0-0-0+ 12. Kc1 Bc5 13. Bg3 Rhe8 14. Bb5 f6 15. Bxc6 bxc6 16. Re1 Bxf3 17. gxf3 fxe5 18. Kc2 Bd4 19. Re4 Rf8 20. Bxe5 Bxe5 21. Rxe5 Rxf3 22. Rf1 Rh3 23. Rg1 Rd7 24. Rg2 g6 25. Re6 Kc7 26. Rg3 Rxh2 27. Rf3 Rh5 28. b4 Rhd5 29. Kc3 a5 30. Rff6 axb4+ 31. Kxb4 Rd4+ 32. Kc3 R4d6 33. Rxd6 Rxd6 34. Rf7+ Rd7 35. Rf6 Kb6 36. Kc4 Rd5 37. Rf8 Rf5 38. Rb8+ Kc7 39. Rh8 h5 40. Rg8 Rxf2 41. Rxg6 Rxa2 42. Rh6 Ra5 43. Kb4 Rg5 44. Kc3 Kb6 45. Kb3 Kb5 46. Kb2 c5 47. Kb3 Rg3+ 48. Kc2 Rh3 49. Kb2 h4 50. Rh8 Kc4 51. Rh7 Rh2+ 52. Kb1 Kc3 53. Rh8 c4 54. Rh7 Rh1+ 55. Ka2 h3 56. Rh8 h2 57. Rh7 Kd4 58. Rd7+ Kc3 59. Rh7 Rd1 60. Rh3+ Rd3 0-1

[Event "GER-chT Online Liga 1 GpA"]
[Site "Playchess.com INT"]
[Date "2021.02.08"]
[Round "3.3"]
[White "Glitz, Martin"]
[Black "Ramirez Marin, Ivan"]
[Result "0-1"]
[WhiteElo "2056"]
[BlackElo "2227"]
[PlyCount "90"]
[EventDate "2021.01.22"]
[EventType "team-tourn (rapid)"]
[EventRounds "7"]
[EventCountry "GER"]
[SourceTitle "EXT 2022"]
[Source "ChessBase"]
[SourceDate "2021.10.06"]
[SourceVersion "1"]
[SourceVersionDate "2021.10.06"]
[SourceQuality "1"]
[WhiteTeam "Herzogenaurach"]
[BlackTeam "Osnabrueck SV"]
[WhiteTeamCountry "GER"]
[BlackTeamCountry "GER"]

1. e4 c5 2. Nf3 Nc6 3. d4 cxd4 4. Nxd4 Nf6 5. Nc3 e5 6. Ndb5 d6 7. Bg5 a6 8. Na3 b5 9. Nd5 Be7 10. Bxf6 Bxf6 11. c3 0-0 12. Nc2 Bg5 13. a4 bxa4 14. Rxa4 a5 15. Bc4 Bd7 16. Nce3 Ne7 17. Ra2 a4 18. 0-0 Nxd5 19. Bxd5 Rc8 20. Nc4 Bb5 21. Rxa4 Bxa4 22. Qxa4 Kh8 23. Qa6 Be7 24. b4 f5 25. exf5 Rxf5 26. Ne3 Rf8 27. c4 Bg5 28. Qa7 Rb8 29. b5 Rb6 30. Ra1 Bxe3 31. fxe3 Qf6 32. h3 Qf2+ 33. Kh1 Qxe3 34. Qe7 Rbb8 35. Qxd6 Rbd8 36. Qe7 Rde8 37. Qd7 Qd4 38. Rg1 e4 39. b6 Qxb6 40. Qg4 e3 41. Re1 Qb4 42. Qh4 Rf2 43. Rg1 Qe7 44. Qh5 e2 45. Bf7 Rxf7 0-1

[Event "Mittelfranken-chTB1 1819"]
[Site "Mittelfranken"]
[Date "2018.11.04"]
[Round "2.6"]
[White "Glitz, Martin"]
[Black "Meyer, Nico"]
[Result "1/2-1/2"]
[WhiteElo "1983"]
[BlackElo "1748"]
[PlyCount "85"]
[EventDate "2018.10.14"]
[EventType "team-tourn"]
[EventRounds "9"]
[EventCountry "GER"]
[SourceTitle "EXT 2022"]
[Source "ChessBase"]
[SourceDate "2021.10.06"]
[SourceVersion "1"]
[SourceVersionDate "2021.10.06"]
[SourceQuality "1"]
[WhiteTeam "Herzogenaurach II"]
[BlackTeam "Bechhofen"]
[WhiteTeamCountry "GER"]
[BlackTeamCountry "GER"]

1. e4 c5 2. Nf3 d6 3. d4 cxd4 4. Nxd4 Nf6 5. Nc3 g6 6. Be3 Bg7 7. f3 0-0 8. Qd2 Nc6 9. Bc4 Bd7 10. Bb3 Na5 11. 0-0-0 Rc8 12. Kb1 Nc4 13. Bxc4 Rxc4 14. g4 b5 15. b3 Rc8 16. Ndxb5 a5 17. a4 Bxb5 18. Nxb5 Nd7 19. Bd4 Ne5 20. Qe2 Qd7 21. h3 Rb8 22. f4 Nc6 23. Bxg7 Kxg7 24. Rd2 Rfc8 25. Rhd1 Nb4 26. c4 Qe6 27. e5 dxe5 28. Qxe5+ Qxe5 29. fxe5 Rc5 30. Re2 Rb6 31. Nd4 e6 32. Kb2 Rb7 33. Nf3 Kf8 34. Rd8+ Ke7 35. Rh8 Nd3+ 36. Kc2 Rd7 37. Rxh7 Nb4+ 38. Kb2 Nd3+ 39. Kc3 Nf4 40. Rd2 Nd5+ 41. Kb2 Nb6 42. Rxd7+ Nxd7 43. Kc3 1/2-1/2

[Event "Regionalliga NO 1617"]
[Site "Bayern"]
[Date "2017.01.15"]
[Round "4.4"]
[White "Glitz, Martin"]
[Black "Diller, Daniel"]
[Result "1-0"]
[WhiteElo "1999"]
[BlackElo "2030"]
[PlyCount "110"]
[EventDate "2016.10.16"]
[EventType "team-tourn"]
[EventRounds "9"]
[EventCountry "GER"]
[SourceTitle "EXT 2019"]
[Source "ChessBase"]
[SourceDate "2018.10.10"]
[SourceVersion "1"]
[SourceVersionDate "2018.10.10"]
[SourceQuality "1"]
[WhiteTeam "Herzogenaurach II"]
[BlackTeam "Erlangen SC II"]
[WhiteTeamCountry "GER"]
[BlackTeamCountry "GER"]

1. e4 e6 2. d4 d5 3. Nc3 Bb4 4. e5 c5 5. a3 Bxc3+ 6. bxc3 Ne7 7. Qg4 cxd4 8. Qxg7 Rg8 9. Qxh7 Qc7 10. Ne2 Nbc6 11. f4 dxc3 12. Qd3 d4 13. Nxd4 Nxd4 14. Qxd4 Bd7 15. Rg1 Nf5 16. Qf2 Qc6 17. Bd3 Qd5 18. Rb1 Bc6 19. Rb3 Rh8 20. h3 Nh4 21. Kf1 0-0-0 22. Rxc3 Rdg8 23. Rc5 Qd7 24. g4 Kb8 25. Rg3 b6 26. Rc3 Rc8 27. Bd2 Qb7 28. Ke2 Rhd8 29. a4 Bxa4 30. Rxc8+ Rxc8 31. Qd4 Bxc2 32. Bxc2 Rxc2 33. Qd8+ Rc8 34. Qxh4 Qe4+ 35. Re3 Qxf4 36. Qf6 Qc4+ 37. Ke1 Qd5 38. Qf3 Qa2 39. Qe2 Qd5 40. Qf3 Qa2 41. Qe4 Rc4 42. Qd3 Qa1+ 43. Ke2 Rf4 44. Qd6+ Kb7 45. Rf3 Rxf3 46. Kxf3 Qd1+ 47. Kg3 Qg1+ 48. Kh4 Qf2+ 49. Kh5 Qf3 50. h4 Qe4 51. Qd7+ Ka6 52. Qxf7 Qxe5+ 53. Bg5 Qh8+ 54. Kg6 Qe5 55. Qf4 Qh8 1-0

[Event "Mittelfranken-chTB1 1415"]
[Site "Mittelfranken"]
[Date "2015.02.08"]
[Round "6.1"]
[White "Konsek, Peter"]
[Black "Glitz, Martin"]
[Result "1/2-1/2"]
[WhiteElo "1963"]
[BlackElo "2041"]
[PlyCount "116"]
[EventDate "2014.09.29"]
[EventType "team-tourn"]
[EventRounds "9"]
[EventCountry "GER"]
[SourceTitle "EXT 2020"]
[Source "ChessBase"]
[SourceDate "2019.10.17"]
[SourceVersion "1"]
[SourceVersionDate "2019.10.17"]
[SourceQuality "1"]
[WhiteTeam "Nuernberg Sued SW III"]
[BlackTeam "Herzogenaurach"]
[WhiteTeamCountry "GER"]
[BlackTeamCountry "GER"]

1. e4 c6 2. d3 d5 3. Nd2 e5 4. Ngf3 Bd6 5. g3 Nf6 6. Bg2 0-0 7. 0-0 Nbd7 8. Re1 Re8 9. b3 a5 10. a3 b5 11. exd5 cxd5 12. c4 Rb8 13. cxd5 Nxd5 14. Ne4 Bf8 15. d4 Bb7 16. dxe5 Nxe5 17. Nxe5 Rxe5 18. Bb2 Re8 19. Qd3 Nc7 20. Qc2 Ne6 21. Rad1 Qb6 22. Rd7 Red8 23. Red1 Rxd7 24. Rxd7 Bc8 25. Rd5 Bb7 26. Rh5 Bxe4 27. Qxe4 g6 28. Rd5 Bg7 29. Bxg7 Kxg7 30. Qe5+ Kg8 31. Rd6 Qa7 32. Bd5 Rf8 33. Rxe6 fxe6 34. Bxe6+ Rf7 35. Qf6 Qc7 36. Qxf7+ Qxf7 37. Bxf7+ Kxf7 38. f4 Ke6 39. Kf2 Kd5 40. Ke3 a4 41. b4 Kc4 42. g4 Kb3 43. Kd3 Kxa3 44. Kc3 Ka2 45. f5 gxf5 46. gxf5 Kb1 47. f6 a3 48. f7 a2 49. f8Q a1Q+ 50. Kd3 Qb2 51. Qd6 Qb3+ 52. Ke4 Qc4+ 53. Ke5 Kb2 54. Kf6 Kb3 55. Kg7 Qxb4 56. Qd1+ Ka2 57. Kxh7 Qh4+ 58. Kg6 Qxh2 1/2-1/2

[Event "Mittelfranken-chTB1 1415"]
[Site "Mittelfranken"]
[Date "2015.01.25"]
[Round "5.1"]
[White "Glitz, Martin"]
[Black "Fuchs, Gerhard"]
[Result "0-1"]
[WhiteElo "2041"]
[BlackElo "2034"]
[PlyCount "80"]
[EventDate "2014.09.29"]
[EventType "team-tourn"]
[EventRounds "9"]
[EventCountry "GER"]
[SourceTitle "EXT 2020"]
[Source "ChessBase"]
[SourceDate "2019.10.17"]
[SourceVersion "1"]
[SourceVersionDate "2019.10.17"]
[SourceQuality "1"]
[WhiteTeam "Herzogenaurach"]
[BlackTeam "Nuernberg SK 1911"]
[WhiteTeamCountry "GER"]
[BlackTeamCountry "GER"]

1. e4 e6 2. d4 d5 3. Nc3 Nf6 4. e5 Nfd7 5. f4 c5 6. Nf3 Nc6 7. Be3 Qb6 8. Na4 Qa5+ 9. c3 cxd4 10. b4 Nxb4 11. cxb4 Bxb4+ 12. Bd2 Bxd2+ 13. Nxd2 0-0 14. Be2 d3 15. Bxd3 Qb4 16. Bxh7+ Kxh7 17. Qb1+ Qxb1+ 18. Rxb1 b6 19. Rc1 Ba6 20. Nf3 Rfc8 21. Kd2 b5 22. Nb2 Nc5 23. Ng5+ Kg8 24. h4 f6 25. Nf3 Ne4+ 26. Ke3 b4 27. Nd4 Rc3+ 28. Rxc3 bxc3 29. Na4 Rc8 30. Nxe6 Rc4 31. Nac5 Nxc5 32. Nxc5 Rxc5 33. Kd4 Rc8 34. Kxd5 c2 35. Rc1 Bc4+ 36. Kd4 Bxa2 37. exf6 gxf6 38. g4 Bb3 39. g5 Rd8+ 40. Kc3 Rd1 0-1

[Event "Mittelfranken-chTB1 1415"]
[Site "Mittelfranken"]
[Date "2014.10.12"]
[Round "2.1"]
[White "Glitz, Martin"]
[Black "Goldsworthy, Patrick"]
[Result "1-0"]
[WhiteElo "2041"]
[BlackElo "2103"]
[PlyCount "127"]
[EventDate "2014.09.29"]
[EventType "team-tourn"]
[EventRounds "9"]
[EventCountry "GER"]
[SourceTitle "EXT 2020"]
[Source "ChessBase"]
[SourceDate "2019.10.17"]
[SourceVersion "1"]
[SourceVersionDate "2019.10.17"]
[SourceQuality "1"]
[WhiteTeam "Herzogenaurach"]
[BlackTeam "Siemens Erlangen"]
[WhiteTeamCountry "GER"]
[BlackTeamCountry "GER"]

1. e4 d5 2. exd5 Qxd5 3. Nc3 Qd8 4. d4 g6 5. Nf3 Bg7 6. Be3 Nh6 7. Qd2 Nf5 8. Bc4 Nd7 9. 0-0 Nb6 10. Bb3 a5 11. a4 0-0 12. Rad1 c6 13. Bf4 Nd5 14. Nxd5 cxd5 15. Rfe1 e6 16. Be5 Bd7 17. Bxg7 Kxg7 18. Ne5 b5 19. Ra1 b4 20. Qd3 Bc8 21. g3 Qb6 22. Rad1 Ba6 23. Qd2 Ra7 24. h4 h5 25. Kg2 Nd6 26. Qc1 Nc4 27. Nf3 Qd6 28. Kg1 Rc7 29. Bxc4 Rxc4 30. b3 Rc3 31. Re3 Rfc8 32. Ne1 f6 33. Qd2 Rxe3 34. Qxe3 Rc3 35. Qd2 Qc7 36. Kh2 Bf1 37. Rc1 Qc8 38. Ng2 Bd3 39. Ne3 Qc6 40. f4 Be4 41. Kh3 e5 42. fxe5 fxe5 43. Rf1 Rxe3 44. Qxe3 Qxc2 45. Qf2 Bf5+ 46. Kh2 exd4 47. Kg1 Qxf2+ 48. Rxf2 Kf6 49. Kf1 Ke5 50. Ke1 Bb1 51. Rb2 Bd3 52. Rf2 Bf5 53. Re2+ Be4 54. Rf2 d3 55. Rf8 d4 56. Kd2 Kd6 57. Rf6+ Kc7 58. Ra6 Bd5 59. Rxa5 Bxb3 60. Kxd3 Bd1 61. Kxd4 b3 62. Rb5 Kc6 63. Rb4 Bc2 64. a5 1-0

[Event "Mittelfranken-chTB1 1314"]
[Site "Mittelfranken"]
[Date "2014.02.16"]
[Round "6.2"]
[White "Glitz, Martin"]
[Black "Miller, Eduard"]
[Result "0-1"]
[WhiteElo "2041"]
[BlackElo "2249"]
[PlyCount "120"]
[EventDate "2013.10.20"]
[EventType "team-tourn"]
[EventRounds "9"]
[EventCountry "GER"]
[SourceTitle "EXT 2020"]
[Source "ChessBase"]
[SourceDate "2019.10.17"]
[SourceVersion "1"]
[SourceVersionDate "2019.10.17"]
[SourceQuality "1"]
[WhiteTeam "Herzogenaurach"]
[BlackTeam "Erlangen SC II"]
[WhiteTeamCountry "GER"]
[BlackTeamCountry "GER"]

1. e4 c5 2. Nf3 Nc6 3. d4 cxd4 4. Nxd4 g6 5. Nc3 Bg7 6. Be3 Nf6 7. Bc4 d6 8. f3 Bd7 9. Qd2 Rc8 10. Bb3 Ne5 11. 0-0-0 h5 12. h3 Qa5 13. Kb1 Rxc3 14. Qxc3 Qxc3 15. bxc3 0-0 16. Bc1 Rc8 17. Bb2 b5 18. Rhe1 Bh6 19. Re2 h4 20. Rf2 Nh5 21. Ne2 Be3 22. Rff1 a5 23. a3 a4 24. Ba2 Be6 25. Bxe6 fxe6 26. Ka2 Nc4 27. Rd3 g5 28. Bc1 Bxc1 29. Rxc1 Nf4 30. Nxf4 gxf4 31. Rb1 Rc5 32. Rg1 Kf7 33. Rd4 Ne3 34. Kb2 Rg5 35. Rb4 Nxg2 36. c4 bxc4 37. Rxc4 Rg3 38. Rxa4 Ne3 39. Rh1 Rxf3 40. Rh2 e5 41. Rb4 Nf1 42. Rh1 Rf2 43. a4 Ne3 44. Rc1 Re2 45. a5 f3 46. Ra4 f2 47. Raa1 Nc4+ 48. Kc3 Rxe4 49. a6 Nb6 50. Rf1 Re3+ 51. Kb4 Re2 52. a7 e4 53. Kc3 e5 54. a8Q Nxa8 55. Rxa8 d5 56. Rd8 d4+ 57. Kc4 e3 58. Ra8 Re1 59. Ra1 Rxa1 60. Rxa1 e2 0-1

[Event "Mittelfranken-chTB1 1314"]
[Site "Mittelfranken"]
[Date "2014.01.26"]
[Round "5.3"]
[White "Glitz, Martin"]
[Black "Maettig, Stefan"]
[Result "1/2-1/2"]
[WhiteElo "2041"]
[BlackElo "1925"]
[PlyCount "79"]
[EventDate "2013.10.20"]
[EventType "team-tourn"]
[EventRounds "9"]
[EventCountry "GER"]
[SourceTitle "EXT 2020"]
[Source "ChessBase"]
[SourceDate "2019.10.17"]
[SourceVersion "1"]
[SourceVersionDate "2019.10.17"]
[SourceQuality "1"]
[WhiteTeam "Herzogenaurach"]
[BlackTeam "Nuernberg NT III"]
[WhiteTeamCountry "GER"]
[BlackTeamCountry "GER"]

1. e4 c5 2. Nf3 e6 3. d4 cxd4 4. Nxd4 a6 5. Bd3 d6 6. 0-0 Nf6 7. c4 Nbd7 8. Qe2 Qc7 9. f4 b6 10. Nc3 Bb7 11. Kh1 Be7 12. Bd2 0-0 13. Rae1 Rad8 14. Nf3 e5 15. fxe5 dxe5 16. Nd5 Bxd5 17. exd5 Bd6 18. Ng5 Rde8 19. Ne4 Nxe4 20. Bxe4 Re7 21. b4 g6 22. g4 f6 23. a3 Ref7 24. Bh6 Rc8 25. Rc1 a5 26. Qc2 Kh8 27. Be3 axb4 28. axb4 Ra8 29. Rf3 Qd8 30. Rh3 Kg8 31. Bh6 Qe7 32. Bxg6 hxg6 33. Qxg6+ Rg7 34. Bxg7 Qxg7 35. Qxg7+ Kxg7 36. Rb3 Ra2 37. h3 Kg6 38. h4 Rf2 39. Ra1 e4 40. Re1 1/2-1/2

[Event "Mittelfranken-chTB1 1314"]
[Site "Mittelfranken"]
[Date "2014.01.12"]
[Round "4.3"]
[White "Cipra, Lothar"]
[Black "Glitz, Martin"]
[Result "1/2-1/2"]
[WhiteElo "1923"]
[BlackElo "2041"]
[PlyCount "114"]
[EventDate "2013.10.20"]
[EventType "team-tourn"]
[EventRounds "9"]
[EventCountry "GER"]
[SourceTitle "EXT 2020"]
[Source "ChessBase"]
[SourceDate "2019.10.17"]
[SourceVersion "1"]
[SourceVersionDate "2019.10.17"]
[SourceQuality "1"]
[WhiteTeam "Schwanstetten"]
[BlackTeam "Herzogenaurach"]
[WhiteTeamCountry "GER"]
[BlackTeamCountry "GER"]

1. d4 d5 2. c4 c6 3. Nc3 dxc4 4. a4 Nf6 5. e4 e5 6. Nf3 exd4 7. Nxd4 Bb4 8. Bxc4 0-0 9. 0-0 Nbd7 10. Bd3 Ne5 11. Bc2 a5 12. Bg5 h6 13. Bh4 Re8 14. Nde2 Qe7 15. Nc1 g5 16. Bg3 Bg4 17. f3 Rad8 18. Qe2 Bh5 19. Nd3 Nxd3 20. Bxd3 Nd7 21. Bf2 Ne5 22. Bc2 Rd7 23. Rad1 Red8 24. Rxd7 Rxd7 25. Rd1 Rxd1+ 26. Bxd1 Bc5 27. Bc2 Bxf2+ 28. Qxf2 Qb4 29. Nd1 Bg6 30. b3 Nd7 31. h3 f6 32. Ne3 Ne5 33. Ng4 Nxg4 34. hxg4 Bf7 35. Qe3 c5 36. e5 fxe5 37. Qxe5 Qd4+ 38. Qxd4 cxd4 39. Kf2 Kg7 40. Ke2 Kf6 41. Kd2 Ke5 42. g3 Be6 43. Bd1 Bd5 44. Kc2 Bf7 45. Be2 b6 46. Bc4 Be8 47. Be2 Bc6 48. Kd2 Bd5 49. Bd1 Bf7 50. Bc2 h5 51. gxh5 Bxh5 52. Bd1 Bf7 53. Bc2 Bd5 54. Bd1 Bf7 55. Bc2 Kd5 56. b4 Ke5 57. bxa5 bxa5 1/2-1/2

[Event "Mittelfranken-chTB2b 1213"]
[Site "Germany"]
[Date "2012.10.21"]
[Round "2.3"]
[White "Seitner, Ralf"]
[Black "Glitz, Martin"]
[Result "1/2-1/2"]
[WhiteElo "1877"]
[BlackElo "1979"]
[PlyCount "49"]
[EventDate "2012.10.07"]
[EventType "team-tourn"]
[EventRounds "9"]
[EventCountry "GER"]
[SourceTitle "EXT 2019"]
[Source "ChessBase"]
[SourceDate "2018.10.10"]
[SourceVersion "1"]
[SourceVersionDate "2018.10.10"]
[SourceQuality "1"]
[WhiteTeam "Neumarkt"]
[BlackTeam "Herzogenaurach"]
[WhiteTeamCountry "GER"]
[BlackTeamCountry "GER"]

1. e4 c6 2. d4 d5 3. Nc3 dxe4 4. Nxe4 Bf5 5. Ng3 Bg6 6. Nf3 Nd7 7. h4 h6 8. h5 Bh7 9. Bd3 Bxd3 10. Qxd3 e6 11. Bf4 Qa5+ 12. Bd2 Bb4 13. c3 Be7 14. Ne4 Ngf6 15. c4 Qc7 16. 0-0-0 Rd8 17. Rhg1 Nxe4 18. Qxe4 Nf6 19. Qe2 Ng4 20. Ne5 Nxe5 21. dxe5 Bc5 22. Bc3 0-0 23. g4 Rxd1+ 24. Rxd1 Rd8 25. f4 1/2-1/2

[Event "Mittelfranken-chTB2b 1112"]
[Site "Germany"]
[Date "2012.03.11"]
[Round "8.3"]
[White "Breitenbach, Albert"]
[Black "Glitz, Martin"]
[Result "1/2-1/2"]
[WhiteElo "1744"]
[BlackElo "2012"]
[PlyCount "61"]
[EventDate "2011.09.25"]
[EventType "team-tourn"]
[EventRounds "9"]
[EventCountry "GER"]
[SourceTitle "EXT 2018"]
[Source "ChessBase"]
[SourceDate "2017.10.13"]
[SourceVersion "1"]
[SourceVersionDate "2017.10.13"]
[SourceQuality "1"]
[WhiteTeam "Lauf II"]
[BlackTeam "Herzogenaurach"]
[WhiteTeamCountry "GER"]
[BlackTeamCountry "GER"]

1. e4 c6 2. d4 d5 3. Nc3 dxe4 4. Nxe4 Bf5 5. Ng3 Bg6 6. Nf3 Nd7 7. h4 h6 8. h5 Bh7 9. Bd3 Bxd3 10. Qxd3 e6 11. Bd2 Ngf6 12. c4 Be7 13. Rd1 0-0 14. Bc3 Qc7 15. Kf1 Rad8 16. Qc2 Rfe8 17. b4 b6 18. a4 c5 19. dxc5 bxc5 20. b5 Bd6 21. Ne4 Nxe4 22. Qxe4 Nf6 23. Qe1 Be7 24. Rxd8 Rxd8 25. Ba5 Qd6 26. Bxd8 Qd3+ 27. Kg1 Bxd8 28. Ne5 Qb3 29. a5 Bc7 30. Rh3 Qa2 31. a6 1/2-1/2